[Event "Challenge"]
[Site "http://www.queenalice.com/game.php?id=544160"]
[Date "2009.2.21"]
[Round "-"]
[White "juniorr"]
[Black "Strapasson"]
[Result "0-1"]
[WhiteElo "1759"]
[BlackElo "1131"]

1. e4 Nf6 2. Nc3 d6 3. h3 g6 4. Bc4 c6 5. d3 Bg7 6. Qf3 O-O 7. g4 Nfd7 8. h4 e6
9. h5 Ne5 10. Qh3 Qa5 11. hxg6 fxg6 12. Qxh7+ Kf7 13. Bh6 Rg8 14. f4 Nxg4 15.
Nf3 Qc5 16. Ng5+ Kf6 17. Qxg8 Qf2+ 18. Kd1 Ne3+ 0-1

[Event "Challenge"]
[Site "http://www.queenalice.com/game.php?id=555612"]
[Date "2009.3.13"]
[Round "-"]
[White "filipe_carlos_panice"]
[Black "Strapasson"]
[Result "1-0"]
[WhiteElo "1171"]
[BlackElo "1137"]

1. e4 e5 2. Bc4 b6 3. Qf3 Nh6 4. Nc3 Nc6 5. d3 Nd4 6. Kd1 Nxf3 7. gxf3 g6 8. Nd5
Bg7 9. Nh3 O-O 10. Ne3 Qh4 11. Bd2 Qxh3 12. Bb4 Qxf3+ 13. Kd2 Qxf2+ 14. Kd1 Qf3+
15. Kd2 d6 16. Nd5 Qf2+ 17. Kd1 Bg4+ 18. Kc1 Bf3 19. Re1 Ng4 20. b3 Qd4 21. Rf1
Qxa1+ 22. Kd2 Qxf1 23. Nxc7 1-0

[Event "Challenge"]
[Site "http://www.queenalice.com/game.php?id=561316"]
[Date "2009.3.25"]
[Round "-"]
[White "sweetcaroline"]
[Black "Strapasson"]
[Result "0-1"]
[WhiteElo "939"]
[BlackElo "1122"]

1. e4 g6 2. c4 e6 3. d4 Qh4 4. g3 Qxe4+ 5. Be2 Qxh1 6. Qa4 Qxg1+ 7. Kd2 Bh6+ 8.
f4 Nf6 9. Qb5 Nc6 10. b3 Nxd4 11. Qa4 Ne4+ 12. Kd3 Nc5+ 13. Kd2 Nxa4 14. Kd3
Nc5+ 15. Kd2 Nf5 16. Kc3 Na6 17. g4 Qxc1+ 18. Kd3 Nc5# 0-1

[Event "Challenge"]
[Site "http://www.queenalice.com/game.php?id=567868"]
[Date "2009.4.6"]
[Round "-"]
[White "Kuroi"]
[Black "Strapasson"]
[Result "1-0"]
[WhiteElo "1556"]
[BlackElo "1191"]

1. e4 g6 2. Nc3 e6 3. e5 d5 4. exd6 Qxd6 5. Ne4 Qe5 6. d3 Nf6 7. Nf3 Qa5+ 8. Bd2
Qb6 9. Nxf6+ Ke7 10. Bg5 Qa5+ 11. c3 Kd6 12. Ne4+ Kc6 13. Nd4+ Kd5 14. Nf6+ Kd6
15. Ne8+ Kd7 16. Nf6+ Kd6 17. Ne4+ Kd7 18. b4 Qa3 19. Nc5+ Bxc5 20. Nb5 Qb2 21.
d4 Bb6 22. Bf6 Re8 23. g3 a6 24. Qb1 Qxb1+ 25. Rxb1 axb5 26. Bxb5+ Nc6 27. a4
Kd6 28. Be5+ Kd7 29. a5 f6 30. Bxf6 Rf8 31. Bg7 Rf3 32. axb6 Rxc3 33. d5 e5 34.
bxc7 Kxc7 35. dxc6 bxc6 36. Bxe5+ Kb6 37. Bxc3 Ra3 38. Rc1 Kxb5 39. O-O Ba6 40.
Rfe1 Kc4 41. Re4+ Kd3 42. Re3+ Kc4 43. Bb2+ 1-0

[Event "Challenge"]
[Site "http://www.queenalice.com/game.php?id=567869"]
[Date "2009.4.6"]
[Round "-"]
[White "Strapasson"]
[Black "Kuroi"]
[Result "1-0"]
[WhiteElo "1161"]
[BlackElo "1586"]

1. e4 e5 2. Qh5 Nc6 3. Bc4 g6 4. Qf3 Nh6 5. Ne2 d6 6. d4 Bg4 7. Qg3 exd4 8. Bxh6
Bxe2 9. Qf4 Bxc4 10. Qg5 Be7 11. Qf4 g5 12. Qg3 Nb4 13. Na3 d3 14. O-O d2 15.
Qc3 Bxf1 16. Qxh8+ Kd7 17. Qxd8+ Rxd8 18. Rxf1 d5 19. exd5 Nxd5 20. Rd1 Bxa3 21.
Rxd2 c6 22. bxa3 Re8 23. h3 Re1+ 24. Kh2 Ra1 25. c4 Re1 26. cxd5 c5 27. Bxg5 c4
28. Rb2 b6 29. a4 Kd6 30. Rb5 c3 31. Bf4+ Ke7 32. a5 c2 33. axb6 axb6 34. d6+
Kd7 35. Rxb6 Rb1 36. Ra6 Rb4 37. Ra7+ Ke6 38. Bd2 Rd4 39. Bc1 Rxd6 40. Rc7 f5
41. f4 Rd7 42. Rxc2 h5 43. Re2+ Kf6 44. Bb2+ Kf7 45. Kg3 Kg6 46. Re6+ Kf7 47.
Rf6+ Kg7 48. Rd6+ Kf7 49. Rxd7+ Ke6 50. Rd1 1-0

[Event "Strapasson"]
[Site "http://www.queenalice.com/game.php?id=576454"]
[Date "2009.4.23"]
[Round "-"]
[White "foda"]
[Black "Strapasson"]
[Result "0-1"]
[WhiteElo "1257"]
[BlackElo "1244"]

1. e4 g6 2. Bc4 e6 3. Nf3 Nf6 4. e5 Ng4 5. Ng5 Qxg5 6. Be2 Qxe5 7. d4 Qf6 8.
Bxg4 Bg7 9. d5 Qe5+ 10. Qe2 Qxd5 11. O-O b6 12. Nc3 Qc6 13. Qb5 Ba6 14. Qxc6
Nxc6 15. Bf3 d5 16. Rb1 O-O 17. Bf4 Bxf1 18. Rxf1 e5 19. Bg3 e4 20. Be2 e3 21.
fxe3 Rae8 22. Bb5 Re6 23. Bxc7 Rc8 24. Nxd5 Ne7 25. Nf4 Rxe3 26. Bd6 Bd4 27. Ba6
Rf3+ 28. Rf2 Rxf2 29. Bxc8 Rxf4+ 30. Kh1 Rf1# 0-1

[Event "Challenge"]
[Site "http://www.queenalice.com/game.php?id=584916"]
[Date "2009.5.7"]
[Round "-"]
[White "Kuroi"]
[Black "Strapasson"]
[Result "0-1"]
[WhiteElo "1731"]
[BlackElo "1219"]

1. e4 e6 2. Nf3 Nf6 3. e5 Ne4 4. d3 Nxf2 5. Kxf2 c6 6. g3 c5 7. Bg5 Qb6 8. b3
c4+ 9. Be3 Qb4 10. dxc4 Na6 11. a3 Qa5 12. Bd2 Qc5+ 13. Be3 Qa5 14. Bd2 Qc5+ 15.
Be3 Qa5 16. Ng5 Qxe5 17. Nd2 Bc5 18. Nde4 d6 19. Qf3 f6 20. Nh3 Qxa1 21. Bxc5
Nxc5 22. Nxd6+ Kd7 23. Be2 Qd4+ 24. Kg2 Kxd6 25. Qf4+ e5 26. Qxd4+ exd4 27. Nf4
Re8 28. Bd3 g5 29. Nd5 b6 30. Nxf6 Bb7+ 31. Kg1 Re1+ 32. Bf1 Bxh1 33. Nxh7 g4
34. Nf6 Rf8 35. Kf2 Re3 36. Kg1 Rxf6 37. Kxh1 Rxf1+ 38. Kg2 Rc1 39. b4 Rxc2+ 40.
Kf1 Rxa3 0-1

[Event "Challenge"]
[Site "http://www.queenalice.com/game.php?id=584917"]
[Date "2009.5.7"]
[Round "-"]
[White "Strapasson"]
[Black "Kuroi"]
[Result "1-0"]
[WhiteElo "1189"]
[BlackElo "1783"]

1. g3 e5 2. e4 Nf6 3. Nf3 Nxe4 4. Qe2 f5 5. Nxe5 Qe7 6. d4 Qb4+ 7. c3 Qe7 8. b4
d6 9. Qh5+ g6 10. Nxg6 Qf7 11. Na3 Qxg6 12. Be2 Nxc3 13. Bf3 Nc6 14. Nb5 Nxb5
15. O-O Nxb4 16. Be2 Nc2 17. Rb1 Ncxd4 18. Bxb5+ Nxb5 19. Qe2+ Be7 20. Rxb5 Bd7
21. Re1 Bxb5 22. Qxe7# 1-0

[Event "Challenge"]
[Site "http://www.queenalice.com/game.php?id=586999"]
[Date "2009.5.12"]
[Round "-"]
[White "nandobr"]
[Black "Strapasson"]
[Result "0-1"]
[WhiteElo "1436"]
[BlackElo "1291"]

1. e4 Nf6 2. Qf3 d6 3. Bc4 Bg4 4. Qf4 e5 5. Qg5 Qd7 6. f3 h6 7. Qe3 Qa4 8. Qb3
Bd7 9. Bxf7+ Kd8 10. Qxb7 Qxc2 11. Qxa8 Qxc1+ 12. Ke2 Bb5+ 13. d3 Qxb2+ 14. Nd2
Bxd3+ 15. Kxd3 d5 16. Nh3 Nd7 17. Rab1 Nc5+ 18. Ke3 Qc3+ 19. Ke2 Qd3+ 20. Kd1
Nd7 21. Rxb8+ Ke7 22. Bxd5 Nxb8 23. Qxb8 Kd7 24. Nf2 Qd4 25. Kc1 Ba3+ 26. Kd1
Rxb8 27. Re1 Bb4 28. Re2 Qa1+ 29. Kc2 Qc3+ 30. Kd1 Ba3 31. Re1 Rb2 32. Nb3 Qc2#
0-1

[Event "Challenge"]
[Site "http://www.queenalice.com/game.php?id=587078"]
[Date "2009.5.12"]
[Round "-"]
[White "Vjdom"]
[Black "Strapasson"]
[Result "1-0"]
[WhiteElo "1583"]
[BlackElo "1247"]

1. d4 g6 2. e3 c6 3. Bc4 Qa5+ 4. c3 Na6 5. Qf3 Qf5 6. Qg3 Qc2 7. Ne2 Nf6 8. Na3
Qe4 9. f3 Nh5 10. Qe5 Qxe5 11. dxe5 Bg7 12. g4 d5 13. Bd3 Nc5 14. Bc2 O-O 15.
gxh5 gxh5 16. Rg1 Nd7 17. f4 Nc5 18. Ng3 Bg4 19. h3 Bxh3 20. Nxh5 Kh8 21. Rxg7
Rg8 22. Rxh7# 1-0

[Event "Challenge"]
[Site "http://www.queenalice.com/game.php?id=598125"]
[Date "2009.6.3"]
[Round "-"]
[White "Kuroi"]
[Black "Strapasson"]
[Result "0-1"]
[WhiteElo "1630"]
[BlackElo "1261"]

1. e4 e5 2. Nf3 d5 3. d4 Nf6 4. Nxe5 Nxe4 5. Qf3 Qf6 6. Qxf6 Nxf6 7. Bf4 Bd6 8.
Nxf7 Kxf7 9. g3 Re8+ 10. Be2 Ne4 11. Nd2 Nc6 12. a3 Nxd4 13. Rc1 Bc5 14. Be3 Bh3
15. Nxe4 Rxe4 16. c3 Bg2 17. Rg1 Nf3+ 18. Bxf3 Bxf3 19. b4 Rxe3+ 20. fxe3 Bxe3
21. Rf1 Bxc1 22. Rxf3+ Kg8 23. Kd1 Bxa3 24. c4 Bxb4 25. cxd5 Rd8 26. Rd3 a5 27.
Kc2 a4 28. Kb2 Re8 29. h4 Re2+ 30. Ka1 a3 31. Rb3 Bc5 32. Rxb7 Bd4+ 33. Kb1 a2+
34. Kc1 a1=Q+ 35. Rb1 Qc3+ 0-1

[Event "Challenge"]
[Site "http://www.queenalice.com/game.php?id=598126"]
[Date "2009.6.3"]
[Round "-"]
[White "Strapasson"]
[Black "Kuroi"]
[Result "0-1"]
[WhiteElo "1249"]
[BlackElo "1686"]

1. e4 e5 2. Qh5 d6 3. Nc3 Be6 4. Nd5 g6 5. Qf3 c6 6. Nb4 c5 7. Nd3 c4 8. Nb4 a5
9. Qa3 Qh4 10. g3 Qxe4+ 11. Be2 Qxh1 12. Kf1 Bh3+ 13. Ke1 Qxg1+ 14. Bf1 Qxf1#
0-1

[Event "Challenge"]
[Site "http://www.queenalice.com/game.php?id=614854"]
[Date "2009.7.7"]
[Round "-"]
[White "Kuroi"]
[Black "Strapasson"]
[Result "1-0"]
[WhiteElo "1699"]
[BlackElo "1327"]

1. e4 g6 2. Nf3 d5 3. e5 Bg7 4. d4 Nc6 5. Bf4 e6 6. Bb5 Bd7 7. Bxc6 bxc6 8. Nc3
Qb8 9. b3 Qb4 10. Bd2 Bh6 11. Ne4 Qa3 12. Neg5 Qb2 13. O-O f6 14. exf6 Nxf6 15.
Ne5 Qxd4 16. Nef7 Ng4 17. Nxh8 1-0

[Event "Challenge"]
[Site "http://www.queenalice.com/game.php?id=614855"]
[Date "2009.7.7"]
[Round "-"]
[White "Strapasson"]
[Black "Kuroi"]
[Result "1/2-1/2"]
[WhiteElo "1313"]
[BlackElo "1677"]

1. e4 e5 2. g3 Nf6 3. Nf3 Bc5 4. d4 exd4 5. Nxd4 Nxe4 6. Qg4 Nf6 7. Qxg7 Qe7+ 8.
Be3 Rg8 9. Qh6 Bxd4 10. Be2 Qb4+ 11. c3 Qxb2 12. Bxd4 Qxa1 13. Qe3+ Kf8 14. Qh6+
Ke8 15. Qe3+ Kf8 16. Qh6+ Ke8 17. Qe3+ Kf8 18. Qh6+ 1/2-1/2

[Event "Challenge"]
[Site "http://www.queenalice.com/game.php?id=687882"]
[Date "2009.11.24"]
[Round "-"]
[White "Strapasson"]
[Black "FENIX_RJ"]
[Result "1-0"]
[WhiteElo "1333"]
[BlackElo "1419"]

1. e4 e5 2. Qh5 Nf6 3. Qxe5+ Be7 4. Qg5 d5 5. Nf3 Nxe4 6. Qxg7 Rf8 7. d3 Bc5 8.
d4 Bb6 9. Bg5 Nxg5 10. Nxg5 Qe7+ 11. Qe5 Nc6 12. Qxe7+ Kxe7 13. Nc3 Nxd4 14. Kd1
Bg4+ 15. f3 Bf5 16. Nxd5+ Kd6 17. Ne3 f6 18. Ne4+ Bxe4 19. fxe4 Rfe8 20. Nf5+
Nxf5 21. exf5 Rad8 22. c3 Ke5+ 23. Kc2 Rd6 24. Re1+ Kf4 25. Rxe8 Kxf5 26. Bd3+
Kg5 27. Rg8+ Kh6 28. Rh8 Kg5 29. Rxh7 c5 30. h4+ Kg4 31. Rf1 c4 32. Rg7+ Kxh4
33. Rh1# 1-0

[Event "Challenge"]
[Site "http://www.queenalice.com/game.php?id=689120"]
[Date "2009.11.26"]
[Round "-"]
[White "bruhno"]
[Black "Strapasson"]
[Result "1/2-1/2"]
[WhiteElo "1513"]
[BlackElo "1325"]

1. e4 Nf6 2. Nc3 g6 3. Nf3 Bg7 4. b3 Nc6 5. Bb5 O-O 6. Bxc6 dxc6 7. e5 Ng4 8. h3
Nxe5 9. O-O c5 10. Rb1 c6 11. Qe2 Ng4 12. hxg4 Bxg4 13. Qe4 Qc8 14. Qxe7 Bxf3
15. gxf3 Qh3 16. f4 Qg4+ 17. Kh1 Qh3+ 18. Kg1 Qg4+ 19. Kh1 Qh3+ 20. Kg1 1/2-1/2

[Event "Challenge"]
[Site "http://www.queenalice.com/game.php?id=840852"]
[Date "2010.10.2"]
[Round "-"]
[White "Strapasson"]
[Black "Tourinho"]
[Result "0-1"]
[WhiteElo "1352"]
[BlackElo "1652"]

1. e4 e5 2. d3 Nc6 3. Nc3 Bb4 4. Qd2 Nf6 5. g3 d6 6. Nf3 h6 7. Bg2 Bg4 8. O-O
Qe7 9. Nb5 Bxd2 10. Bxd2 a6 11. Nxc7+ Qxc7 12. b4 O-O 13. c4 Bxf3 14. Bxf3 Nd4
15. Kg2 Nxf3 16. Kxf3 Qd7 17. h3 Qxh3 18. Rh1 Qg4+ 19. Kg2 h5 20. Rh2 g6 21. Bh6
Rfe8 22. f3 Qd7 23. Bg5 Kg7 24. g4 hxg4 25. Bh6+ Kg8 26. Bg5 gxf3+ 27. Kxf3 Qg4+
28. Ke3 Qxg5+ 29. Kf2 Qf4+ 30. Kg2 Qd2+ 31. Kg3 Qxd3+ 32. Kg2 Qxe4+ 33. Kg3 Nh5+
34. Rxh5 gxh5 35. Rg1 Qf4+ 36. Kh3+ Kh7 37. Rg3 Rg8 38. Rd3 Qf5+ 0-1

[Event "Challenge"]
[Site "http://www.queenalice.com/game.php?id=880267"]
[Date "2011.1.2"]
[Round "-"]
[White "TIKAR"]
[Black "Strapasson"]
[Result "0-1"]
[WhiteElo "1253"]
[BlackElo "1348"]

1. e4 g6 2. Qf3 Nh6 3. b3 Bg7 4. c3 O-O 5. Qh3 d5 6. e5 Bxh3 7. d4 Bg4 8. f3 Bf5
9. g4 Bc8 10. g5 Nf5 11. Ne2 c6 12. Bf4 e6 13. Na3 Qa5 14. O-O-O Qxa3+ 15. Kb1
b6 16. Rd2 Ba6 17. c4 Nh4 18. Rd3 dxc4 0-1